ბათუმის შოთა რუსთაველის სახელმწიფო უნივერსიტეტის ბიბლიოთეკა

ქრისტიანობის ისტორიისათვის დასავლეთ საქართველოში / (ბიბ.ჩანაწერი № 56168)

000 -ლიდერი
ფიქსირებული სიგრძის საკონტროლო ველი 01206nam a2200265Ia 4500
001 - საკონტროლო ნომერი
საკონტროლო ველი 23269
003 - საკონტროლო ნომრის იდენტიფიკატორი
საკონტროლო ველი GE_BSU
005 - ბოლო ოპერაციის თარიღი და დრო
საკონტროლო ველი 20190521152148.0
008 - ფიქსირებული სიგრძის მონაცემთა ელემენტები - ზოგადი ინფორმაცია
ფიქსირებული სიგრძის საკონტროლო ველი 181216s1999||||ge |||||||||||||| ||geo||
020 ## - წიგნის საერთაშორისო სტანდარტული ნომერი
International Standard Book Number 99948111
040 ## - კატალოგიზაციის წყარო
Transcribing agency GE_BSU
041 ## - ენის კოდი
Language code of text/sound track or separate title geo
080 ## - უნივერსალური ათობითი კლასიფიკაციის ინდექსი
Universal Decimal Classification number 271.22(479.22)(09) დ-43
100 ## - მთავარი ჩანაწერი - პიროვნების სახელი
Personal name დიასამიძე, ბიჭიკო
9 (RLIN) 17
245 ## - ცნობა სათაურის შესახებ
Title ქრისტიანობის ისტორიისათვის დასავლეთ საქართველოში /
Statement of responsibility, etc ბიჭიკო დიასამიძე ; რედ. ა.კახიძე.
264 ## - წარმოების, გამოცემის, დისტრიბუციის და სხვა ცნობები
გამოცემის, წარმოების, დისტრიბუციის... ადგილი ბათუმი :
გამოცემის, წარმოების, დისტრიბუციის... სახელწოდება ბათუმის უნივერსიტეტი,
გამოცემის, წარმოების, დისტრიბუციის... თარიღი 1999.
300 ## - ფიზიკური აღწერა
Extent 120 გვ. ;
Other physical details 21 სმ.
300 ## - ფიზიკური აღწერა
Accompanying material ბიბლიოგრ.: გვ. 105-118.
504 ## - BIBLIOGRAPHY, ETC. NOTE
Bibliography, etc ბიბლიოგრ.: გვ. 105-118.
520 ## - SUMMARY, ETC.
Summary, etc რეზ. ქართ., რუს. და ინგლ. ენ.
653 ## - INDEX TERM--UNCONTROLLED
Uncontrolled term ქრისტიანობა
653 ## - INDEX TERM--UNCONTROLLED
Uncontrolled term მართლმადიდებლური ეკლესიის ისტორია
700 ## - ADDED ENTRY--PERSONAL NAME
Personal name კახიძე, ა.
Relator term რედაქტორი
9 (RLIN) 1466
942 ## - ADDED ENTRY ELEMENTS (KOHA)
Koha item type წიგნი
Source of classification or shelving scheme
ეგზემპლარები
ჩამოწერის სტატუსი დაკარგული ეგზემპლარის სტატუსი კლასიფიკაციის წყარო ან თაროზე გაწყობის სქემა დაზიანების სტატუსი არ გაიცემა მუდმივი მდებარეობა (დაცვის ადგილი) ამჟამინდელი ადგილსამყოფელი თაროზე განთავსების ადგილი შეძენის თარიღი ღირებულება, შესყიდვის ნორმალური ფასი სრული შენახვის შიფრი შტრიხკოდი ბოლო ოპერაციის თარიღი ეგზემპლარის მიმდევრობითი ნომერი (კეტერი?) ფასის ძალაში შესვლის თარიღი ეგზემპლარის სახეობა საჯარო შენიშვნა
          ბათუმის შოთა რუსთაველის სახელმწიფო უნივერსიტეტის მთავარი ბიბლიოთეკა ბათუმის შოთა რუსთაველის სახელმწიფო უნივერსიტეტის მთავარი ბიბლიოთეკა წიგნსაცავი 2018-12-17 5.00 271.22(479.22)(09) დ-43 28243 2018-12-17 28243 2018-12-17 წიგნი 5 ლ.
          ბათუმის შოთა რუსთაველის სახელმწიფო უნივერსიტეტის მთავარი ბიბლიოთეკა ბათუმის შოთა რუსთაველის სახელმწიფო უნივერსიტეტის მთავარი ბიბლიოთეკა წიგნსაცავი 2019-05-21 5.00 271.22(479.22)(09) დ-43 4284 2019-05-21 4284 2019-05-21 წიგნი 5 ლ.